Т. 1; Избранные труды

Бібліографічні деталі
Parent link:Избранные труды/ Н. И. Андрусов; Академия наук СССР (АН СССР). Т. 1.— , 1961-
Інші автори: Шатский Н. С., Щербаков Д. И.
Мова:Російська
Опубліковано: 1961
Предмети:
Формат: MixedMaterials Книга
KOHA link:https://koha.lib.tpu.ru/cgi-bin/koha/opac-detail.pl?biblionumber=276368

MARC

LEADER 00000nam2a2200000 4500
001 276368
005 20231101234919.0
035 |a (RuTPU)RU\TPU\book\299627 
035 |a RU\TPU\book\299253 
090 |a 276368 
100 |a 20141121d1961 k y0rusy50 ca 
101 0 |a rus 
102 |a RU 
105 |a a z 001zb 
200 0 |a Т. 1  |f гл. ред. Н. С. Шатский , Д. И. Щербаков 
210 |d 1961 
215 |a 712 с.  |c ил. 
320 |a Перечень трудов академика Н. И. Андрусова : с. 9-30. 
320 |a Указатель авторов: с. 668-671. 
320 |a Указатель географических названий: с. 672-686. 
320 |a Указатель латинских названий: с. 687-711. 
461 1 |0 (RuTPU)RU\TPU\book\299253  |t Избранные труды  |f Н. И. Андрусов  |g Академия наук СССР (АН СССР)  |v Т. 1  |d 1961-  
600 1 |a Андрусов  |b Н. И.  |c выдающийся русский геолог  |c палеонтолог  |f 1861-1924  |g Николай Иванович  |2 stltpush  |3 (RuTPU)RU\TPU\pers\24674  |9 10937 
606 1 |a Геология  |2 stltpush  |3 (RuTPU)RU\TPU\subj\6095  |9 34054 
606 1 |a Палеонтология  |2 stltpush  |3 (RuTPU)RU\TPU\subj\47998  |9 66880 
606 1 |a Палеогеография  |2 stltpush  |3 (RuTPU)RU\TPU\subj\47964  |9 66847 
610 1 |a стратиграфия 
610 1 |a миоцен 
610 1 |a Крым 
610 1 |a Кавказ 
610 1 |a Керчь 
610 1 |a известняк 
610 1 |a фауна 
610 1 |a неоген 
610 1 |a Керченский полуостров 
610 1 |a Таманский полуостров 
675 |a 55  |v 3 
675 |a 551.8  |v 3 
675 |a 56  |v 3 
702 1 |a Шатский  |b Н. С.  |4 651 
702 1 |a Щербаков  |b Д. И.  |4 651 
801 1 |a RU  |b 63413507  |c 20141118 
801 2 |a RU  |b 63413507  |c 20221129  |g RCR 
942 |c BK